000 00911nam a2200205 i 4500
001 156045
003 ES-MaACL
005 20230906210313.0
008 981215s1884 sp |||| | spa d
040 _aCCPB | B
_bspa
_cCCPB | B
245 0 0 _aInstruccion para adiestrar al soldado en el combate en orden abierto /
_cpor un Jefe de Infantería del Ejército francés ; traducida de la 3ª edición ... por Pedro Gil Gonzalo.
260 _aBarcelona :
_bRedacción y Administración de la Revista Científico-Militar,
_c1884 (
_fImp. de Luis Tasso)
300 _a80 p. ;
_c15 cm.
594 _aPrecede al tít.: "Publicaciones de la Revista Científico-Militar. Instrucción y Educación del Soldado"
597 _aAntep.
700 0 1 _aJefe de Infantería del Ejército Francés, Un.
_9128290
700 1 _aGil Gonzalo, Pedro.
_9127304
852 _aES-MaACL
_jG-11160
_z-- Enc. hol.
999 _c156045
_d156045